000
00225 a2200097 4500
001
45348
100
_a
Molana Mufti Muhammad Shahfi
245
_a
Maghreful-Quran
260
_a
Karachi
_b
Idra Maghref
_c
090
_c
28514
_d
28514
942
_a
NUST-CAE
_c
M
_c
20574
999
_c
280421
_d
280421